000 02140cam a2200205Ia 4500
999 _c3687
_d3687
020 _a9780071614139
020 _a0071614133
050 4 _aHG4521
_b.O515
100 1 _aO'Neil, William J.
245 1 0 _aHow to make money in stocks :
_ba winning system in good times or bad /
_cWilliam J. O'Neil.
250 _a4th ed.
260 _aNew York :
_bMcGraw-Hill,
_cc2009.
300 _avi, 454 p. :
_bcharts ;
_c23 cm.
500 _aPrevious ed.: New York: McGraw-Hill, 2002.
500 _aIncludes index.
505 _aPreface ix Part I:A Winning System: CAN SLIM (TM)Introduction: Learning From the Greatest WinnersCHAPTER 1: C = Current Quarterly Earnings per Share: The Higher the Better CHAPTER 2: A = Annual Earnings Increases: Look for SignificantGrowth CHAPTER 3: N = New Products, New Management, New Highs:Buying at the Right Time CHAPTER 4: S = Supply and Demand: Shares Outstanding PlusBig Volume Demand CHAPTER 5: L = Leader or Laggard: Which Is Your Stock? CHAPTER 6: I = Institutional Sponsorship: Follow the Leaders CHAPTER 7: M = Market Direction: How to Determine It Part II:Be Smart From the StartCHAPTER 8: Nineteen Common Mistakes Most Investors Make CHAPTER 9: When to Sell and Cut Your Losses CHAPTER 10: When to Sell and Take Your Profit CHAPTER 11: Should You Diversify, Invest for the Long Haul,Buy on Margin, Sell Short, Etc.?CHAPTER 12: How to Read Charts Like an Expert and Improve YourStock Picks and Timing Part III:Investing Like a ProfessionalCHAPTER 13: Models of the Greatest Stock Market Winners: 1952-2001 CHAPTER 14: How to Find Winning Stocks Using Investor's Business Daily CHAPTER 15: How to Pick the Best Market Sectors, Industry Groups,and Subgroups CHAPTER 16: The Art of Tape Reading: Analyzing and Reacting to News CHAPTER 17: Should You Buy Options, Nasdaq Stocks, New Issues,Convertible Bonds, Tax Shelters, Foreign Stocks?CHAPTER 18: How You Could Make a Million Dollars Owning Mutual Funds CHAPTER 19: Improving Management of Pension and InstitutionalPortfolios CHAPTER 20: Important Guidelines to RememberSuccess Stories Index
650 0 _aInvestments.
650 0 _aStocks.
942 _cBK